000 00507nam a22001697a 4500
003 OSt
005 20260209111841.0
008 260209b |||||||| |||| 00| 0 eng d
040 _cMRSPTU
041 _aEnglish
100 _aJatin Singla, Supervisor: Dr. Rajesh Kumar
245 _aSpace Truss Design for Century Gate
260 _bDepartment of Civil Engg. MRSPTU, Bathinda
_c2014
650 _aCivil Engineering
856 _uhttp://163.47.215.52:8080/jspui/handle/123456789/1086
942 _2ddc
_cTH
_n0
999 _c10865
_d10865